000
00199 a2200097 4500
001
7991
100
_a
Oldfield, C B
245
_a
Never a shot in anger
260
_a
_b
Duell
_c
090
_c
6400
_d
6400
942
_a
NUST-CAE
_c
M
_c
32935
999
_c
243064
_d
243064